Spot the Difference VII Quiz Stats

 Plays Quiz Updated Aug 9, 2016

Challenge
Share
Tweet
Score 0/5 Timer 03:00
3 Plays Today
% Correct
Logo
92.2%
Sporcle
85.9%
Streetlight
85.3%
Paint
71.1%
Windows
69.9%

You're not logged in!

Compare scores with friends on all Sporcle quizzes.
OR
Log In

You Might Also Like...

Show Comments

Extras

Top Quizzes Today


Score Distribution

Your Account Isn't Verified!

In order to create a playlist on Sporcle, you need to verify the email address you used during registration. Go to your Sporcle Settings to finish the process.

Report this User

Report this user for behavior that violates our Community Guidelines.

Details: